Khu vực hoá và toàn cầu hoá - hai mặt của tiến trình hội nhập quốc tế.
Tranh luận về toàn cầu hoá: những bài học của quá khứ. Toàn cầu hoá với tư cách là yếu tố hội nhập khu vực. Toàn cầu hoá và khu vực hoá ở các nước đang phát triển - hai mặt của thần Janus, dân tộc và CN dân tộc...
में बचाया:
| स्वरूप: | पुस्तक |
|---|---|
| भाषा: | Vietnamese |
| प्रकाशित: |
Hà Nội :
Nxb Hà Nội,
2000.
|
| विषय: | |
| टैग : |
टैग जोड़ें
कोई टैग नहीं, इस रिकॉर्ड को टैग करने वाले पहले व्यक्ति बनें!
|
| Thư viện lưu trữ: | Mạng thư viện Đại học Đà Nẵng |
|---|
| LEADER | 01231cam a2200373 i 4500 | ||
|---|---|---|---|
| 001 | 000046977 | ||
| 003 | 6495 | ||
| 005 | 20030918150525.0 | ||
| 008 | 010306b2000 vm 000 vie | ||
| 020 | |c 24000 | ||
| 022 | |a T | ||
| 040 | |a IRC |c IRC |d IRC | ||
| 041 | 0 | |a vie | |
| 082 | 1 | 4 | |a 337.1 |b Kh-V |
| 245 | 0 | 0 | |a Khu vực hoá và toàn cầu hoá - hai mặt của tiến trình hội nhập quốc tế. |
| 260 | |a Hà Nội : |b Nxb Hà Nội, |c 2000. | ||
| 300 | |a 278tr. ; |c 19cm. | ||
| 520 | 3 | |a Tranh luận về toàn cầu hoá: những bài học của quá khứ. Toàn cầu hoá với tư cách là yếu tố hội nhập khu vực. Toàn cầu hoá và khu vực hoá ở các nước đang phát triển - hai mặt của thần Janus, dân tộc và CN dân tộc... | |
| 630 | 0 | 4 | |a Kinh tế. |
| 630 | 0 | 4 | |a Kinh tế quốc tế. |
| 650 | 0 | 4 | |a Kinh tế toàn cầu. |
| 650 | 0 | 4 | |a Kinh tế khu vực. |
| 650 | 0 | 4 | |a Khu vực hoá. |
| 650 | 0 | 4 | |a Toàn cầu hoá. |
| OWN | |a DUT | ||
| 999 | |a From the UDN01 | ||
| TYP | |a Monograph | ||
| TYP | |a Printed language | ||
| 980 | |a Mạng thư viện Đại học Đà Nẵng | ||